Environmental science in building (Record no. 107380)

MARC details
000 -LEADER
fixed length control field 01481cam a22002655a 4500
001 - CONTROL NUMBER
control field L139950
008 - FIXED-LENGTH DATA ELEMENTS--GENERAL INFORMATION
fixed length control field 070822s2007 xxk f 001 0 eng d
020 ## - INTERNATIONAL STANDARD BOOK NUMBER
International Standard Book Number 9780230525368
035 ## - SYSTEM CONTROL NUMBER
System control number (Sirsi) u139950
041 0# - LANGUAGE CODE
Language code of text/sound track or separate title eng
050 04 - LIBRARY OF CONGRESS CALL NUMBER
Classification number 696.9 $2 18
100 ## - MAIN ENTRY--PERSONAL NAME
Personal name McMullan, Randall
245 ## - TITLE STATEMENT
Title Environmental science in building
250 ## - EDITION STATEMENT
Edition statement 6th ed.
260 ## - PUBLICATION, DISTRIBUTION, ETC.
Place of publication, distribution, etc. Basingstoke
Name of publisher, distributor, etc. Palgrave
Date of publication, distribution, etc. 2007
300 ## - PHYSICAL DESCRIPTION
Extent viii, 376p.
Dimensions 25cm.
350 ## - PRICE (NR) (BK AM CF MU VM SE) [OBSOLETE]
Price 32.99
490 ## - SERIES STATEMENT
Series statement Macmillan Building and Surveying Series
505 2# - FORMATTED CONTENTS NOTE
Formatted contents note Climate and the built environment -- Human environmental comfort -- Insulation and energy use in buildings -- Air control in buildings -- Artificial and natural lighting -- Noise control and sound insulation -- Electricity generation and supply -- Water supplies and waste water treatment -- Carbon and energy management in construction -- Resource conservation and sustainability in construction -- Sick buildings and green buildings.
520 ## - SUMMARY, ETC.
Summary, etc. Covers science, technology and services that relate to comfort of humans and environmental performance of buildings. Includes climate, energy supplies and conservation, human comfort, heating, ventilation, lighting, sound insulation, acoustics, electrical supplies, water treatment, sick buildings, green buildings. Worked examples explained step-by-step.
520 ## - SUMMARY, ETC.
Summary, etc. Supersedes fifth edition (ISBN: 0333947711).
651 #4 - SUBJECT ADDED ENTRY--GEOGRAPHIC NAME
Geographic name United Kingdom
Chronological subdivision
690 ## - LOCAL SUBJECT ADDED ENTRY--TOPICAL TERM (OCLC, RLIN)
Topical term or geographic name as entry element Block management
9 (RLIN) 6220
942 ## - ADDED ENTRY ELEMENTS (KOHA)
Suppress in OPAC 0
Holdings
Withdrawn status Lost status Source of classification or shelving scheme Damaged status Not for loan Home library Current library Shelving location Date acquired Cost, normal purchase price Total Checkouts Full call number Barcode Date last seen Date last checked out Copy number Cost, replacement price Price effective from Koha item type
    Dewey Decimal Classification     London London Books 23/08/2007 28.04 11 696.9 MCM 30074013 06/08/2019 10/03/2009 1 28.04 06/08/2019 Book